Manual de obras menores de riego 1996

Salvato in:
Dettagli Bibliografici
Natura: Libro
Lingua:spagnolo
Pubblicazione: Santiago Antártica 1996
Serie:Publicación Cirem, 111
Soggetti:
Tags: Aggiungi Tag
Nessun Tag, puoi essere il primo ad aggiungerne!!

MARC

LEADER 00000nam a2200000 a 4500
001 UCR5099
003 CL-VaPUC
008 980320e19960000CL |||||||||||||||||spa|d
082 0 4 |a 631.587  |b MAN  |2 21 
245 1 0 |a Manual de obras menores de riego 1996 
300 |a 346 p 
942 |c BK 
945 |d 19980320 00:00:00  |a rleighto 
260 |a Santiago  |b Antártica  |c 1996 
650 0 |a Embalses   |9 372823 
650 0 |a Aguas subterráneas  |9 260378 
650 0 |a Sistemas de riego  |9 362150 
650 0 |a Riego por aspersión   |9 264849 
650 0 |a Riego por goteo  |9 264318 
650 7 |a RIEGO POR MICROASPERSION  |2 CL-VaPUC  |9 405798 
650 0 |a Manuales  |9 257144 
583 |a last modification  |c 19980320 00:00:00  |k Rodrigo Vera 
490 0 |a Publicación Cirem, 111 
999 |c 267830  |d 267828 
952 |0 0  |1 0  |4 0  |6 631_587000000000000_MAN_1996  |7 0  |8 A  |9 300554  |a BIBAGR  |b BIBAGR  |d 2019-11-20  |i 353975K  |o 631.587 MAN 1996  |p 353975K  |r 2025-01-20  |w 2019-11-20  |y BK  |k AGR 
952 |0 0  |1 0  |4 0  |6 631_587000000000000_MAN_1996  |7 0  |8 A  |9 300555  |a BIBAGR  |b BIBAGR  |d 2019-11-20  |i 3539768  |o 631.587 MAN 1996  |p 3539768  |r 2025-01-20  |w 2019-11-20  |y BK  |k AGR 
952 |0 0  |1 0  |4 0  |6 631_587000000000000_MAN_1996  |7 0  |8 A  |9 300556  |a BIBAGR  |b BIBAGR  |d 2019-11-20  |i 3539776  |o 631.587 MAN 1996  |p 3539776  |r 2025-01-20  |w 2019-11-20  |y BK  |k AGR 
952 |0 0  |1 0  |4 0  |6 631_587000000000000_MAN_1996  |7 0  |8 A  |9 300557  |a BIBAGR  |b BIBAGR  |d 2019-11-20  |i 3539784  |o 631.587 MAN 1996  |p 3539784  |r 2025-01-20  |w 2019-11-20  |y BK  |k AGR